Nástroje a techniky marketingového auditu a poradenstva

Guardado en:
Detalles Bibliográficos
Autor principal: Hagovská, Andrea
Otros Autores: Tkáčiková, Jarmila
Formato: Capítulo de libro
Lenguaje:eslovaco
Etiquetas: Agregar Etiqueta
Sin Etiquetas, Sea el primero en etiquetar este registro!

MARC

LEADER 00000naa a2200000 4500
001 0146381
005 20230911125354.7
041 0 |a slo 
044 |a CZ 
245 1 0 |a Nástroje a techniky marketingového auditu a poradenstva  |c Andrea Hagovská, Jarmila Tkáčiková 
100 1 |a Hagovská, Andrea 
700 1 |a Tkáčiková, Jarmila